Путешествия к Луне. Наблюдения. Экспедиции. Исследования. Открытия

Dades bibliogràfiques
Altres autors: Сурдин В. Г. Владимир Георгиевич (редактор)
Sumari:Книга рассказывает о Луне: о ее наблюдениях с помощью телескопа, об изучении ее поверхности и недр автоматическими аппаратами и о пилотируемых экспедициях астронавтов по программе «Аполлон». Приведены исторические и научные данные о Луне, фотографии и карты ее поверхности, описание космических аппаратов и детальный рассказ об экспедициях. Обсуждаются возможности изучения Луны научными и любительскими средствами, перспективы ее освоения. Книга предназначена тем, кто интересуется космическими исследованиями, приступает к самостоятельным астрономическим наблюдениям или увлечен историей техники и межпланетных полетов.
Idioma:rus
Publicat: Москва, Физматлит, 2011
Edició:2-е изд., испр. и доп.
Matèries:
Format: MixedMaterials Llibre
KOHA link:https://koha.lib.tpu.ru/cgi-bin/koha/opac-detail.pl?biblionumber=217307

MARC

LEADER 00000nam0a2200000 4500
001 217307
005 20231101230115.0
010 |a 9785922112338 
035 |a (RuTPU)RU\TPU\book\237301 
035 |a RU\TPU\book\178627 
090 |a 217307 
100 |a 20120604d2011 km y0rusy50 ca 
101 0 |a rus 
102 |a RU 
105 |a a z 000zy 
200 1 |a Путешествия к Луне. Наблюдения. Экспедиции. Исследования. Открытия  |f под ред. В. Г. Сурдина 
205 |a 2-е изд., испр. и доп. 
210 |a Москва  |c Физматлит  |d 2011 
215 |a 520 с.  |c ил. 
330 |a Книга рассказывает о Луне: о ее наблюдениях с помощью телескопа, об изучении ее поверхности и недр автоматическими аппаратами и о пилотируемых экспедициях астронавтов по программе «Аполлон». Приведены исторические и научные данные о Луне, фотографии и карты ее поверхности, описание космических аппаратов и детальный рассказ об экспедициях. Обсуждаются возможности изучения Луны научными и любительскими средствами, перспективы ее освоения. Книга предназначена тем, кто интересуется космическими исследованиями, приступает к самостоятельным астрономическим наблюдениям или увлечен историей техники и межпланетных полетов. 
606 1 |a Луна  |2 stltpush  |3 (RuTPU)RU\TPU\subj\68868  |9 83967 
610 1 |a наблюдения 
610 1 |a изучение 
610 1 |a поверхность 
610 1 |a лунные карты 
610 1 |a экспедиции 
610 1 |a программа "Аполлон" 
610 1 |a телескопы 
610 1 |a космические исследования 
610 1 |a астрономия 
610 1 |a межпланетные полеты 
675 |a 523.34  |v 3 
702 1 |a Сурдин  |b В. Г.  |g Владимир Георгиевич  |4 340 
801 1 |a RU  |b 63413507  |c 20090909 
801 2 |a RU  |b 63413507  |c 20120926  |g RCR 
942 |c BK